|
|
|
|
| LEADER |
00972naa a2200217 i 4500 |
| 001 |
acta71460 |
| 005 |
20230605114303.0 |
| 008 |
210118s2012 hu o 1|| hun d |
| 040 |
|
|
|a SZTE Egyetemi Kiadványok Repozitórium
|b hun
|
| 041 |
|
|
|a hun
|
| 100 |
1 |
|
|a Major Stella
|
| 245 |
1 |
0 |
|a Euro-atlanti törésvonal a politikusok email használatában
|h [elektronikus dokumentum] :
|b [absztrakt] /
|c Major Stella
|
| 260 |
|
|
|a Szegedi Tudományegyetem Állam- és Jogtudományi Kar
|b Szeged
|c 2012
|
| 300 |
|
|
|a 53
|
| 490 |
0 |
|
|a ÁJTK Kari tudományos diákköri konferencia
|
| 650 |
|
4 |
|a Társadalomtudományok
|
| 650 |
|
4 |
|a Média és kommunikáció
|
| 695 |
|
|
|a Kommunikáció - politikai - előadáskivonat, Média - közösségi - előadáskivonat
|
| 700 |
0 |
1 |
|a Merkovity Norbert
|
| 711 |
|
|
|a Kari tudományos diákköri konferencia
|c Szeged, Magyarország
|d 2012. október 30.
|
| 856 |
4 |
0 |
|u http://acta.bibl.u-szeged.hu/71460/1/ajtk_kari_konferencia_2012_053.pdf
|z Dokumentum-elérés
|